000 02574nam a2200613 c 4500
003 BLK
005 20240527132944.0
008 180409b bul|||||r ||||||| ||bul||
010 _aKNG00106412000
020 _a5-7793-0327-4
_bиздат.: Белый город
040 _aBLK
041 _aRUS
_cRUS
080 _aПриложно изкуство. Художествени занаяти. Интериор. Дизайн. Играчки. Худож. пространствено оформление
_b745/749
_x(035)
_z745/749(035)
080 _aТърговия с произведения на изкуството. Търговци, антиквари, издатели, продуценти, импресарии, галеристи
_b7.075
_x(035)
_z7.075(035)
700 1 _aМаллалью, Хуон
_eглав. ред.
_991704
700 1 _aЕвелева, Л.
_eпер.
_966507
139 _aАнтиквариат
_bА 74
245 1 0 _aАнтиквариат
_bСамая полная история антиквариата
_cглав. ред. Хуон Маллалью; пер. Л. Евелева.
257 _aGBR
260 Москва
_bБелый город
_c2002
_fСингапур
300 _a640 с.
_bс цв. ил.
_c29 см
380 _a7
490 1 _aЭнциклопедия мирового искусства
500 _aОфс. изд. - 3 000 тир. - Азб. показалец.
650 4 _aПриложно и декоративно изкуство - енциклопедии и справочници
_9303118
650 4 _aАнтиквариат - енциклопедии и справочници
_9271716
653 _aантиквариат
653 _aприложни изкуства
653 _aмебели
653 _aкилими
653 _aчасовници
653 _aтъкани
653 _aоблекло
653 _aскулптура
653 _aконфекция
653 _aмузикални инструменти
653 _aкерамика
653 _aнакити
653 _aстъкло
653 _aмонети
653 _aмедали
653 _aоръжие
653 _aиграчки
653 _aкниги
653 _aръкописи
653 _aкарти
653 _aконтролно-измервателни уреди
852 _aЦб ІІ 12012
856 4 _qpdf
_u
856 4 _qpdf
_u
942 _cKNG
_n0
_01
944 _aCR
_c01.01.2002
_k30542
_lРусанова Ирена
944 _aED
_c09.06.2003
_k
999 _c101368
_d101368